L'Art en 10 questions #2 - Statistiques

Statistiques générales
  • Ce quiz a été pris 47 fois
  • Le résultat moyen est 6 sur 10
Statistiques - réponses
Hint Réponse % Correct
Quel musée parisien abrite la Joconde ? Louvre
95%
Quel tableau de Léonard de Vinci représente une scène biblique avec Jésus et ses apôtres ? La Cène
93%
Quel artiste espagnol est célèbre pour avoir cofondé le cubisme avec Georges Braque ? Pablo Picasso
77%
Quel art consiste à façonner des formes avec de la pierre, du métal ou du bois ? Sculpture
74%
Quel courant artistique associe notamment Dali, Magritte et les rêves ? Surréalisme
67%
Quel artiste autrichien est connu pour son style doré et ses portraits comme Le Baiser ? Gustav Klimt
51%
Comment appelle-t-on une peinture réalisée directement sur un mur humide ? Fresque
42%
Quel peintre français est célèbre pour ses danseuses de ballet et ses scènes de théâtre ? Edgar Degas
40%
Quel architecte catalan est l’auteur de la Sagrada Família à Barcelone ? Antoni Gaudi
26%
Quel peintre néerlandais est célèbre pour ses gravures impossibles, jouant avec la perspective et les illusions d’optique ? Escher
9%
Aucun quiz correspondant
Distribution des résultats
% des personnes avec chaque résultat
Percentile par nombre de réponses
Votre historique - résultats
Vous n’avez pas pris ce quiz